| Tag |
First Indicator |
Second Indicator |
Subfields |
| LEADER |
00000cam a2200000 a 4500 |
| 001 |
in00001392521 |
| 005 |
20181201063427.0 |
| 008 |
980223s1997 fr a bq 000 0dfre d |
| 020 |
|
|
|a 2842052692
|
| 035 |
|
|
|a (OCoLC)38490126
|
| 035 |
|
|
|9 AHN6128AM
|
| 040 |
|
|
|a TXA
|c TXA
|d UtOrBLW
|
| 043 |
|
|
|a e-fr---
|
| 049 |
|
|
|a TXAM
|
| 090 |
|
|
|a PN1998.3.T38
|b P36 1997
|
| 100 |
1 |
|
|a Pangon, Gérard.
|
| 245 |
1 |
0 |
|a Paolo et Vittorio Taviani /
|c Gérard Pangon, Jean A. Gili.
|
| 264 |
|
1 |
|a [Paris] :
|b Éditions Mille et une nuits :
|b ARTE Éditions,
|c [1997]
|
| 264 |
|
4 |
|c ©1997
|
| 300 |
|
|
|a 63 pages :
|b illustrations ;
|c 16 cm.
|
| 336 |
|
|
|a text
|b txt
|2 rdacontent
|
| 337 |
|
|
|a unmediated
|b n
|2 rdamedia
|
| 338 |
|
|
|a volume
|b nc
|2 rdacarrier
|
| 490 |
1 |
|
|a Cannes les années festival ;
|v 1977
|
| 504 |
|
|
|a Includes bibliographical references (page 54) and filmography (page 53).
|
| 600 |
1 |
0 |
|a Taviani, Paolo,
|d 1931-
|
| 600 |
1 |
0 |
|a Taviani, Vittorio,
|d 1929-2018.
|
| 611 |
2 |
0 |
|a Cannes Film Festival.
|
| 700 |
1 |
|
|a Gili, Jean A.
|
| 830 |
|
0 |
|a Cannes les années festival ;
|v 1977.
|
| 948 |
|
|
|a o:jls
|
| 999 |
|
|
|a MARS
|
| 999 |
f |
f |
|s 94feb06b-5a6c-3aa2-9e4d-f9a42c36e625
|i 60cef629-ee5b-3fbc-9dac-4fd88fa8c975
|t 0
|
| 952 |
f |
f |
|p ric
|a Texas A&M University
|b Rellis Campus
|c Joint Library Facility
|d Remote Storage
|t 0
|e PN1998.3.T38 P36 1997
|h Library of Congress classification
|i unmediated -- volume
|m A14822015337
|
| 998 |
f |
f |
|a PN1998.3.T38 P36 1997
|t 0
|l Remote Storage
|